Juan Pablo Duarte : (Registro nro. 13638)
[ vista simple ]
| 000 -LEADER | |
|---|---|
| fixed length control field | 00917nam a2200253 a 4500 |
| 001 - CONTROL NUMBER | |
| control field | |
| 003 - CONTROL NUMBER IDENTIFIER | |
| control field | DO-SdBNP |
| 005 - DATE AND TIME OF LATEST TRANSACTION | |
| control field | 20250207122218.0 |
| 008 - FIXED-LENGTH DATA ELEMENTS--GENERAL INFORMATION | |
| fixed length control field | 150306s2013 dr 000 0 spa d |
| 040 ## - CATALOGING SOURCE | |
| Original cataloging agency | BPMSU |
| Language of cataloging | spa |
| Transcribing agency | BPMSU |
| 082 ## - DEWEY DECIMAL CLASSIFICATION NUMBER | |
| Classification number | 923.27293 |
| Item number | D812e |
| Edition number | 22 |
| 245 00 - TITLE STATEMENT | |
| Title | Juan Pablo Duarte : |
| Remainder of title | escritos / |
| Statement of responsibility, etc. | recopilados por el Dr. Mariano Lebron Saviñon ; prólogo Pedro Troncoso Sánchez. |
| 250 ## - EDITION STATEMENT | |
| Edition statement | 5a ed. |
| 260 ## - PUBLICATION, DISTRIBUTION, ETC. (IMPRINT) | |
| Place of publication, distribution, etc. | Santo Domingo : |
| Name of publisher, distributor, etc. | Instituto Duartiano, |
| Date of publication, distribution, etc. | 2013. |
| 300 ## - PHYSICAL DESCRIPTION | |
| Extent | 129 p. : |
| Other physical details | il., retrs. ; |
| Dimensions | 21 cm. |
| 490 0# - SERIES STATEMENT | |
| Series statement | Duartiana, |
| Volume/sequential designation | 1 |
| 590 ## - LOCAL NOTE (RLIN) | |
| Linkage (RLIN) | Inventariado, 2021/VM |
| 600 14 - SUBJECT ADDED ENTRY--PERSONAL NAME | |
| Personal name | Duarte, Juan Pablo |
| Dates associated with a name | 1813-1876 |
| Form subdivision | Colecciones de escritos |
| 651 #4 - SUBJECT ADDED ENTRY--GEOGRAPHIC NAME | |
| Geographic name | República Dominicana |
| General subdivision | Historia |
| Form subdivision | Colecciones de escritos |
| 700 1# - ADDED ENTRY--PERSONAL NAME | |
| Personal name | Lebrón Saviñón, Mariano, |
| Dates associated with a name | 1922- |
| Relator term | compilador |
| 700 1# - ADDED ENTRY--PERSONAL NAME | |
| Personal name | Troncoso Sánchez, Pedro, |
| Relator term | prólogo |
| 910 ## - USER-OPTION DATA (OCLC) | |
| User-option data | VMateo V. Control de calidad. BPMSU |
| 942 ## - ADDED ENTRY ELEMENTS (KOHA) | |
| Source of classification or shelving scheme | Dewey Decimal Classification |
| Koha item type | Libros |
| Withdrawn status | Lost status | Source of classification or shelving scheme | Damaged status | Not for loan | Collection code | Home library | Current library | Date acquired | Full call number | Barcode | Date last seen | Copy number | Price effective from | Koha item type | Total Checkouts |
|---|---|---|---|---|---|---|---|---|---|---|---|---|---|---|---|
| Dewey Decimal Classification | Colección Dominicana | Biblioteca Pública Metropolitana Salomé Ureña | Biblioteca Pública Metropolitana Salomé Ureña | 08/09/2021 | BPMSU CD 923.27293 D812e 1982 | BPMSU21080032 | 08/09/2021 | 08/09/2021 | Libros | ||||||
| Dewey Decimal Classification | Colección Dominicana | Biblioteca Pública Metropolitana Salomé Ureña | Biblioteca Pública Metropolitana Salomé Ureña | 08/09/2021 | BPMSU CD 923.27293 D812e 1982 | BPMSU26020091 | 02/13/2026 | e.2 | 08/09/2021 | Libros |